|
|
|
|
| LEADER |
01189nam a2200265 a 4500 |
| 001 |
23962 |
| 003 |
BD-DhAAL |
| 008 |
111211s1994 dcua b 000 0 eng d |
| 999 |
|
|
|c 11583
|d 11583
|
| 010 |
|
|
|a 2010368287
|
| 040 |
|
|
|a DJB
|c DJB
|d OCLCQ
|d STF
|d OCLCG
|d DLC
|d BD-DhAAL
|
| 082 |
0 |
0 |
|a 338.95492
|2 22
|
| 245 |
0 |
0 |
|a Primary education for all :
|b learning from the BRAC experience : a case study /
|c Manzoor Ahmed ... [et al.] ; edited by Cynthia J. Prather
|
| 260 |
|
|
|a Washington, D.C. :
|b Project ABEL,
|c 1994.
|
| 300 |
|
|
|a xxiii, 128 pages :
|b illustrations ;
|c 23 cm.
|
| 504 |
|
|
|a Includes bibliographical references (pages 124-128).
|
| 541 |
1 |
|
|e 00023962
|
| 610 |
2 |
0 |
|a Bangladesh Rural Advancement Committee.
|9 30026
|
| 650 |
|
0 |
|a Education, Primary
|z Bangladesh
|v Case studies.
|9 30027
|
| 700 |
1 |
|
|a Ahmed, Manzoor,
|d 1940-
|9 30028
|
| 700 |
1 |
|
|a Prather, Cynthia J.
|9 30029
|
| 710 |
2 |
|
|a Advancing Basic Education and Literacy Project.
|9 30030
|
| 852 |
1 |
|
|a James P. Grant School of Public Health (JPGSPH)
|
| 942 |
|
|
|2 ddc
|c BK
|
| 952 |
|
|
|0 0
|1 0
|2 ddc
|4 0
|6 338_954920000000000_PRI
|7 0
|9 18848
|a JPGSPH
|b JPGSPH
|d 2011-12-11
|e School of Public Helath
|l 0
|o 338.95492 PRI
|p 3060023962
|r 2011-12-13
|t 1
|w 2011-12-13
|y BK
|